মুক্তিযুদ্ধের মিশন : (Record no. 194028)
[ view plain ]
| 000 -LEADER | |
|---|---|
| fixed length control field | 00684nam a22001817a 4500 |
| 003 - CONTROL NUMBER IDENTIFIER | |
| control field | BD-DhUL |
| 005 - DATE AND TIME OF LATEST TRANSACTION | |
| control field | 20170430155015.0 |
| 008 - FIXED-LENGTH DATA ELEMENTS--GENERAL INFORMATION | |
| fixed length control field | 170430s2017 xxu||||| |||| 001 0 eng d |
| 040 ## - CATALOGING SOURCE | |
| Original cataloging agency | BD-DhUL |
| Transcribing agency | BD-DhUL |
| 082 ## - DEWEY DECIMAL CLASSIFICATION NUMBER | |
| Classification number | 954.92 |
| Item number | QUM |
| 100 #0 - MAIN ENTRY--PERSONAL NAME | |
| Personal name | কোরেশী, মাহমুদ শাহ্ |
| 245 ## - TITLE STATEMENT | |
| Title | মুক্তিযুদ্ধের মিশন : |
| Remainder of title | আমার জীবন / |
| Statement of responsibility, etc. | মাহমুদ শাহ্ কোরেশী |
| 260 ## - PUBLICATION, DISTRIBUTION, ETC. (IMPRINT) | |
| Place of publication, distribution, etc. | ঢাকা : |
| Name of publisher, distributor, etc. | সুচয়নী, |
| Date of publication, distribution, etc. | 1907. |
| 300 ## - PHYSICAL DESCRIPTION | |
| Extent | ১২০ পৃ. ; |
| Dimensions | ২২ সেমি |
| 650 #0 - SUBJECT ADDED ENTRY--TOPICAL TERM | |
| Topical term or geographic name as entry element | বাংলাদেশ - ইতিহাস |
| 650 #0 - SUBJECT ADDED ENTRY--TOPICAL TERM | |
| Topical term or geographic name as entry element | Bangladesh |
| General subdivision | History |
| 942 ## - ADDED ENTRY ELEMENTS (KOHA) | |
| Source of classification or shelving scheme | |
| Koha item type | Books |
| Price effective from | Date last seen | Permanent Location | Not for loan | Date acquired | Source of classification or shelving scheme | Koha item type | Lost status | Withdrawn status | Copy number | Source of acquisition | Collection code | Damaged status | Shelving location | Barcode | Current Location | Full call number |
|---|---|---|---|---|---|---|---|---|---|---|---|---|---|---|---|---|
| 2017-04-30 | 2017-04-30 | Dhaka University Library | Not For Loan | 2017-04-30 | Books | 1 | purchased | Non Fiction | Liberation War Collection | 500270 | Dhaka University Library | 954.92 QUM | ||||
| 2017-04-30 | 2017-04-30 | Dhaka University Library | Not For Loan | 2017-04-30 | Books | 2 | purchased | Non Fiction | Liberation War Collection | 500271 | Dhaka University Library | 954.92 QUM |
